01237nam a2200325Ia 4500001001200000003000800012006001900020007001500039008004100054010001700095020001500112020002500127020003900152040002100191035002000212050002300232082001600255245008500271260006800356300002300424504005100447533015200498650002800650650002800678655002900706710001700735730001600752856012600768999001700894ebr10060693CaPaEBRm u cr cn|||||||||911003s1992 stka sb 001 0 eng d z 91038708  z0203168860 z021693141X (Blackie) z0442313330 (Van Nostrand Reinhold) aCaPaEBRcCaPaEBR a(OCoLC)5737603114aTH453b.M66 1992eb04a690/.2222000aMonitoring building structuresh[electronic resource] /cedited by J.F.A. Moore. aGlasgow :aBlackie ;aNew York :bVan Nostrand Reinhold,c1992. axi, 155 p. :bill. aIncludes bibliographical references and index. aElectronic reproduction.bPalo Alto, Calif. :cebrary,d2009.nAvailable via World Wide Web.nAccess may be limited to ebrary affiliated libraries. 0aBuildingsxPerformance. 0aStructural engineering. 7aElectronic books.2local2 aebrary, Inc.0 aENGnetBASE.40uhttp://site.ebrary.com/lib/rucke/Doc?id=10060693zAn electronic book accessible through the World Wide Web; click to view c46155d46155